| 000 | 01099nam a22003257a 4500 | ||
|---|---|---|---|
| 003 | CHAP | ||
| 005 | 20220329133426.0 | ||
| 008 | 971013s1989 r 00010 d | ||
| 010 | _a6254 | ||
| 011 | _a7226 | ||
| 035 | _a6449 | ||
| 040 | _cCHAP | ||
| 090 | _aTesis | ||
| 110 |
_aLibreros González, Guillermo _966646 |
||
| 245 | _aEvaluación de la desertificación en las estribaciones del Cofre de Perote, Ver., y propuesta de un sistema de clasificación de tierras | ||
| 260 |
_aChapingo, Méx. : _bEl autor, _c1989 |
||
| 300 | _a110 h. | ||
| 500 | _a61-145 | ||
| 502 | _aTesis (Ing. Agr. Esp. en Suelos) -- UACH. Departamento de Suelos | ||
| 590 |
_aALEPH _b10 _c20130110 _lUCH01 _h1217 |
||
| 590 |
_aBATCH-UPD _b10 _c20130110 _lUCH01 _h1337 |
||
| 590 |
_aBATCH-UPD _b10 _c20130410 _lUCH01 _h0840 |
||
| 590 |
_aBATCH-UPD _b10 _c20130914 _lUCH01 _h1158 |
||
| 590 |
_aCONVERSION _b10 _c20130109 _lUCH01 _h1305 |
||
| 650 | 1 | 4 |
_aDesertificación. _932128 |
| 650 | 1 | 4 |
_aTierras _xClasificación _xVeracruz. _9113102 |
| 901 | _aBK | ||
| 942 | _cTESIS | ||
| 949 |
_bBC _cTES _d-16050 _eTS1 _h25582 _i6449 _si |
||
| 999 |
_c6254 _d6254 |
||